000 00480nam a2200193 4500
003 LK-CoMWRAF
005 20230826225146.0
008 230826b2001 |||||||| |||| 00| 0 eng d
020 _a0618094997
040 _aLK-CoMWRAF
_dLK-CoMWRAF
_eLK-CoMWRAF
041 _aeng
082 _a823
_bROU
100 _aRougeau, Rémy
245 _aAll we know of heaven
260 _aBoston :
_bHoughton Mifflin Co.
_c2001
300 _a226p
650 _aEnglish Fiction
942 _n0
_cBK
999 _c3278
_d3278